000 00966nam a22002897a 4500
005 20170124110257.0
010 _aA-735688
020 _c00.00
_a8172243448
035 _aA-735688
037 _bCen Lib/Ret
040 _aDPL
_bEN
082 _a384
_bMIT
100 _aMitchell, William
_928530
245 _aTelecommunications :
_cby William Mitchhell, Rober Hendriks [and] Leonard Sterry
_bsystems and applications /
246 _b
260 _bJaico Publishing House
_c1995
_aBombay
270 _bBombay
_a121. M G Road
_e75700
300 _a240p.:
_c25cm(Hb)
_bill.
500 _aIncludes bibliographical references
650 _aMass Communication
_9141725
650 _aTraining Metodologies
_94430
650 _a जन संचार
_9141726
650 _aप्रशिक्षण के तरीके
_94432
700 _aHendricks, Robert
_9141727
700 _aSterry, Leonard
_9141728
942 _2ddc
_cEN
_h384
_mMIT
999 _c136315
_d136315